Automobiles that begin with V - Statistics

General Stats
  • This quiz has been taken 11 times
  • The average score is 9 of 33
Answer Stats
Manufacturer Type Answer % Correct
Volvo Compact car V40
91%
Volvo Small family car V50
82%
Volvo Compact executive car V60
82%
Volvo Executive car V70
82%
Volvo Executive car V90
73%
Aston Martin Grand tourer Vanquish
55%
Aston Martin Sports car Vantage
45%
Aston Martin Track day car Vulcan
45%
Dodge Sports car Viper
36%
Aston Martin Sports car Valhalla
27%
Opel/Vauxhall Mid-size car Vectra
27%
Renault Executive car Vel Satis
27%
Eagle Full size luxury car Vision
27%
Plymouth Compact car Valiant
18%
Aston Martin Sports car Valkyrie
18%
Hyundai Sport compact car Veloster
18%
Pontiac Full-size/Compact car Ventura
18%
Chevrolet Minivan Venture
18%
Toyota Mid-size crossover Venza
18%
Chevrolet Compact car Volt
18%
Chevrolet Subcompact car Vega
9%
Lamborghini Sports car Veneno
9%
Nissan Subcompact car Versa
9%
Pontiac Compact car Vibe
9%
Mercury Minivan Villager
9%
Citroën Supermini Visa
9%
Plymouth Minivan Voyager
9%
Saturn Compact SUV Vue
9%
Kia Mini MPV Venga
0%
Buick Compact car Verano
0%
Lincoln Mid-size luxury car Versailles
0%
CMC Microvan/Kei truck Veryca
0%
Oldsmobile Mid-size car Vista Cruiser
0%
No matching quizzes found
Score Distribution
Percent of People with Each Score
Percentile by Number Answered
Your Score History
You have not taken this quiz